• 首页
  • 本馆介绍
  • 公告通知
  • 最新文献
  • 馆藏检索
  • 电子资源
  • 读者导购
  • 参考咨询
  • 我的图书馆
  • 登录
  • 详细信息显示
  • 放入我的书架
  • 预约/预借图书
  • 作者相关作品
  • 分类相关作品
  • 丛书相关作品
  • 出版社相关作品

书目信息

  • 表格格式
  • 工作单格式
  • 卡片格式
题名:
氧氯化锆制备工艺与应用
    
 
作者: 蒋东民 , 王力军 , 车小奎 编著
分册:  
出版信息: 北京   冶金工业出版社  2012
页数: 329页
开本: 21cm
丛书名: 稀有金属冶金与材料工程丛书
单 册:
中图分类: TQ134.1
科图分类:
主题词: 氧化锆--yang hua gao--制备 , 氧化锆--yang hua gao--应用
电子资源:
ISBN: 978-7-5024-6001-3
000 01124nam 2200301 45
001 012001001157
005 20140107144514.0
010    @a978-7-5024-6001-3@dCNY39.00
099    @aCAL 012012252265
100    @a20120925d2012 em y0chiy50 ea
101 0  @achi
102    @aCN@b110000
105    @aak z 000yy
106    @ar
200 1  @a氧氯化锆制备工艺与应用@Ayang lv hua gao zhi bei gong yi yu ying yong@f蒋东民, 王力军, 车小奎编著
210    @a北京@c冶金工业出版社@d2012
215    @a329页@c图@d21cm
225 2  @a稀有金属冶金与材料工程丛书@Axi you jin shu ye jin yu cai liao gong cheng cong shu
330    @a本书系统阐述了氧氯化锆的制备工艺与应用, 具体论述了用碱熔法和氯化水解法制取工业八水合二氯氧化锆的工艺与原理, 分析相关技术因素对工艺的影响等内容。
410  0 @12001@a稀有金属冶金与材料工程丛书
606 0  @a氧化锆@Ayang hua gao@x制备
606 0  @a氧化锆@Ayang hua gao@x应用
690    @aTQ134.1@v5
701  0 @a蒋东民@Ajiang dong min@4编著
701  0 @a王力军@Awang li jun@4编著
701  0 @a车小奎@Ache xiao kui@4编著
801  0 @aCN@b北京卓展@c20191020
905    @b1201524-6@dTQ134.1@e7@f3
    
    氧氯化锆制备工艺与应用/蒋东民, 王力军, 车小奎编著.-北京:冶金工业出版社,2012
    329页:图;21cm.-(稀有金属冶金与材料工程丛书)
    
    
    ISBN 978-7-5024-6001-3:CNY39.00
    本书系统阐述了氧氯化锆的制备工艺与应用, 具体论述了用碱熔法和氯化水解法制取工业八水合二氯氧化锆的工艺与原理, 分析相关技术因素对工艺的影响等内容。
●
相关链接 在E读中查询图书 在五车中查询图书 在当当中查询图书 在豆瓣中查询图书


正题名:氧氯化锆制备工艺与应用     索取号:TQ134.1/7         预约/预借

序号 登录号 条形码 馆藏地/架位号 状态 备注
1 1201524   212015246   第二样本阅览室/ [索取号:TQ134.1/7] 在馆    
2 1201525   212015255   第三借阅区/ [索取号:TQ134.1/7] 在馆    
3 1201526   212015264   第三借阅区/ [索取号:TQ134.1/7] 在馆    
唐山师范学院图书馆 欢迎您!
大连网信软件有限公司© 版权所有